| 000 | 01381cam a2200325 a 4500 | ||
|---|---|---|---|
| 001 | 4018002 | ||
| 005 | 20210414113839.0 | ||
| 008 | 970922s1998 enka 001 0 eng | ||
| 010 | _a 97038500 | ||
| 020 | _a0133562549 (pbk. : alk. paper) | ||
| 040 |
_aDLC _cDLC _dDLC |
||
| 043 | _ae-uk--- | ||
| 050 | 0 | 0 | _aHB171.5.S6353 |
| 082 | 0 | 0 |
_a330 _221 |
| 100 | 1 |
_aSloman, John, _d1947- |
|
| 245 | 1 | 0 |
_aEconomics for business _cJohn Sloman and Mark Sutcliffe. |
| 260 |
_aLondon ; _aNew York : _bPrentice Hall, _c1998. |
||
| 300 |
_axvi, 607, [22] p. : _bcol. ill. ; _c25 cm. |
||
| 500 | _aIncludes index. | ||
| 505 | _aContents: Business and economics -- Background to demand -- Background to supply -- Supply:short-run profit maximisation -- Supply:alternative strategies -- The Firm in the factor market -- The relationship between government and business -- Business in the international environment -- The Macroeconomic environment -- Macroeconomic policy. | ||
| 650 | 0 | _aEconomics. | |
| 650 | 0 | _aBusiness. | |
| 650 | 0 | _aCommerce. | |
| 651 | 0 |
_aGreat Britain _xEconomic policy _y1945- |
|
| 651 | 0 |
_aGreat Britain _xCommercial policy. |
|
| 700 | 1 |
_aSutcliffe, Mark, _cM.Sc. |
|
| 906 |
_a7 _bcbc _corignew _d1 _eocip _f19 _gy-gencatlg |
||
| 942 |
_2lcc _cBK |
||
| 999 |
_c23 _d7523 |
||